Optimalizácia topologickej štruktúry distribuovaných systémov prostredníctvom alternatívnych prístupov dizertačná práca

Gespeichert in:
Bibliographische Detailangaben
1. Verfasser: Jurík, Pavol, 1987-
Körperschaft: Fakulta hospodárskej informatiky EU. Katedra operačného výskumu a ekonometrie
Weitere Verfasser: Goga, Marián
Format: Buch
Sprache:Slowakisch
Veröffentlicht: Bratislava 2015
Schlagworte:
Tags: Tag hinzufügen
Keine Tags, Fügen Sie das erste Tag hinzu!

MARC

LEADER 00000nbm a2200000 4500
001 0206584
005 20240502073430.8
041 0 |a slo 
044 |a SK 
245 1 0 |a Optimalizácia topologickej štruktúry distribuovaných systémov prostredníctvom alternatívnych prístupov  |b dizertačná práca  |c Pavol Jurík ; školiteľ: Marián Goga 
264 1 |a Bratislava  |c 2015 
300 |a 91 s. 
610 2 0 |a systémy databázové distribuované 
610 2 0 |a systémy operačné 
610 2 0 |a výskum operačný 
100 1 |a Jurík, Pavol, 1987- 
700 1 |a Goga, Marián 
710 2 |a Fakulta hospodárskej informatiky EU. Katedra operačného výskumu a ekonometrie